| 000 | 01661cam a22004454i 4500 | ||
|---|---|---|---|
| 003 | PE-LiUPU | ||
| 005 | 20250731184541.0 | ||
| 008 | 150623s2002 pe r 000 0 spa d | ||
| 035 | _a(Sirsi) a25395 | ||
| 040 |
_aPE-LiUPU _bspa _cPE-LiUPU _erda |
||
| 082 | 0 | 4 |
_a985.089 _bB71 _221 |
| 100 | 1 |
_aBoloña Beher, Carlos, _eautor. |
|
| 245 | 1 | 0 |
_aDe Paniagua a Toledo : _bde la confusión al caos / _cCarlos Boloña Beher. |
| 264 | 1 |
_aLima : _bInstituto de Economía de Libre Mercado, _c2002. |
|
| 300 |
_a340 páginas ; _c21 cm. |
||
| 336 |
_atext _2rdacontent |
||
| 337 |
_aunmediated _2rdamedia |
||
| 338 |
_avolume _2rdacarrier |
||
| 505 | 0 | _aAntecedentes. El gobierno de transición. El gobierno de Toledo. Conclusiones. | |
| 526 | _aP136 | ||
| 526 | _aP135 | ||
| 526 | _aP134 | ||
| 526 | _aP133 | ||
| 526 | _aP144 | ||
| 526 | _aP143 | ||
| 526 | _aP87 | ||
| 526 | _aP35 | ||
| 526 | _aP20 | ||
| 526 | _aP14 | ||
| 526 | _aP10 | ||
| 526 | _aP06 | ||
| 650 | 0 | 4 |
_aPerú _xHistoria _yRepública, 1980-2000. |
| 942 |
_2ddc _cBOOK |
||
| 949 |
_a985.089 B71 _wDEWEY _c1 _i50491 _lCCODEBUL1 _mBUL _p00.00 _r0 _sY _tBOOK _u2015-06-24 _xBIBLIOTECA _zUNKNOWN _0COMPRA _o.STAFF. Colección General |
||
| 596 | _a1 2 | ||
| 999 |
_a985.089 B71 _wDEWEY _c32311 _i50491 _f2021-11-8 _g5 _lCCODEBUL1 _mBUL _r0 _sY _tBOOK _u2015-6-24 _xBIBLIOTECA _zUNKNOWN _0COMPRA _o.STAFF. Colección General _d32311 |
||
| 999 |
_a320.985 B71 2002 _wDEWEY _c1 _iFT01514 _f2019-2-20 _g1 _lCCODEBUT1 _mBUT _r0 _sY _tBOOK _u2015-12-2 _xBIBLIOTECA _zUNKNOWN _0DONACION _o.STAFF. Colección General |
||
| 980 |
_81 _gALBERTO SANCHEZ Responsable de Automatización |
||